000 00810cam a2200241 a 4500
001 4426915
005 20250129231956.0
008 931103s1993 ii 000 0 eng d
020 _a0195632141
040 _aNHC
_cNHC
_dDLC
082 0 0 _a954
_23928
_bSOC
245 0 0 _aSociety and ideology :
_bessays in South Asian history presented to Professor K.A. Ballhatchet /
_cedited by Peter Robb, in collaboration with K.N. Chaudhuri and Avril Powell.
260 _aDelhi ;
_aNew York :
_bOxford University Press,
_c1993.
300 _ax, 266 p. ;
650 0 _aEthnicity
650 0 _aHistory
650 0 _aIdeology
700 1 _aRobb, Peter
_eedt
700 1 _aChaudhuri, K. N.
_eedt
700 1 _aPowell, Avril A.
_eedt
856 4 2 _uhttp://www.loc.gov/catdir/enhancements/fy0606/93226973-d.html
942 _cL
999 _c5968
_d5968